000 00715nam a22002177a 4500
003 UA-OsUOA
001 38904
007 ta
008 20080228b un ||||| |||| 00| 0 ukr d
090 _a94(477).05
_bЗ-43
942 _cBK
040 _aUA-OsUOA
_bukr
_cUA-OsUOA
_dUA-OsUOA
245 _aЗвіти подільський губернаторів (кінець 1860-х - середина 1880-х рр.)
_cавтори-упорядники Ю.С. Земський, В.В. Дячок
300 _a127 с.
955 _a1
041 _aukr
080 _a94(477).05
260 _aХмельницький
_bХНУ
_c2007
650 7 _a9 Географія. Біографії. Історія
_2UDC
999 _c437415
_d437415